EXAMEN DEL FUTURO /

TRADUCCION DE: THE CHALLENGE OF MAN'S FUTURE

Guardat en:
Dades bibliogràfiques
Autor principal: Brown, Harrison (autor)
Format: Llibre
Matèries:
Etiquetes: Afegir etiqueta
Sense etiquetes, Sigues el primer a etiquetar aquest registre!

MARC

LEADER 00000nam^a2200000^a^4500
001 000234006
005 20250521000000.0
009 20260310104707.785
035 |a 054128 
037 |a Acervo Xavier Clavigero 
082 |a 333. 7  |b BRO 
100 |a Brown, Harrison  |e (autor) 
245 1 0 |a EXAMEN DEL FUTURO /  |c HARRISON BROWN ; TR. CARLOS VILLEGAS 
264 |a MEXICO :  |b FCE,  |c 1960 
300 |a 279 p. 
336 |a texto  |b txt  |2 rdacontenido 
337 |a sin mediación  |b n  |2 rdamedio 
338 |a volumen  |b nc  |2 rdasoporte 
520 |a TRADUCCION DE: THE CHALLENGE OF MAN'S FUTURE 
649 |a XX 
650 |a Recursos Naturales 
650 |a Tecnología y Sociedad 
910 |a Fondo General 
920 |a Impresos - Libros 
930 |a Colección General 
905 |a 101 
901 |a 054128  |b IT1  |c ACC  |i 054128  |u 20250521 
901 |a 054127  |b IT1  |c ACC  |i 054127  |u 20250521 
902 |a https://opac.biblio.iteso.mx/vufind/Record/000234006